LDR 00919naa#a2200205#i#450# 001 EN\\bibl\117362 005 20260429113320.3 011 ## _a1994-4683 100 ## _a20260429b2026####ek#y0engy0150####ca 102 ## _aRU 200 1# _aAssessment of the effectiveness of youth engagement programs in sports _eJournal article 210 1# _aMoscow _cNational State University of Physical Education, Sports and Health named after P.F. Lesgaft _d2026 215 ## _a6 с. 608 ## _aJournal article _2local 675 ## _aГосударственное и общественное содействие развитию физкультуры и спорта. 796.078 _z 686 ## _aОбщие вопросы физической культуры и спорта. 77.01 _2grnti 700 #1 _aBondarenko _gMayya Pavlovna 700 #1 _aCherepaninin _gFedor Andreevich 700 #1 _aBondarenko _gVasilisa Alekseevna 856 4# _auchzapiski.lesgaft.spb.ru _u